The Broadman hymnal; (Record no. 11076)

MARC details
000 -LEADER
fixed length control field 00841cam a2200277u 4500
001 - CONTROL NUMBER
control field 8784318
003 - CONTROL NUMBER IDENTIFIER
control field GBCCL
005 - DATE AND TIME OF LATEST TRANSACTION
control field 20251126113827.0
008 - FIXED-LENGTH DATA ELEMENTS--GENERAL INFORMATION
fixed length control field 810710s1940 tnu 000 0 eng
035 ## - SYSTEM CONTROL NUMBER
System control number 8784318
040 ## - CATALOGING SOURCE
Original cataloging agency DLC
Transcribing agency CarP
Modifying agency DLC
082 ## - DEWEY DECIMAL CLASSIFICATION NUMBER
Classification number 264.23
Item number BRO 1
245 04 - TITLE STATEMENT
Title The Broadman hymnal;
260 ## - PUBLICATION, DISTRIBUTION, ETC.
Place of publication, distribution, etc. Nashville,
Name of publisher, distributor, etc. tenn., The Broadman press,
Date of publication, distribution, etc. c1940.
300 ## - PHYSICAL DESCRIPTION
Extent [519] p.
Dimensions 22 cm.
336 ## - CONTENT TYPE
Content type term text
Content type code txt
Source rdacontent
337 ## - MEDIA TYPE
Media type term unmediated
Media type code n
Source rdamedia
338 ## - CARRIER TYPE
Carrier type term volume
Carrier type code nc
Source rdacarrier
650 #0 - SUBJECT ADDED ENTRY--TOPICAL TERM
Topical term or geographic name entry element Hymns, English.
700 1# - ADDED ENTRY--PERSONAL NAME
Personal name McKinney, Baylus Benjamin,
Dates associated with a name 1886-
Relator term ed.
700 1# - ADDED ENTRY--PERSONAL NAME
Personal name Hill, John Leonard,
Dates associated with a name 1878-
Relator term ed.
700 1# - ADDED ENTRY--PERSONAL NAME
Personal name Alldredge, Eugene Perry,
Dates associated with a name 1875-
906 ## - LOCAL DATA ELEMENT F, LDF (RLIN)
a 0
b cbc
c premunv
d u
e ncip
f 19
g y-gencatlg
942 ## - ADDED ENTRY ELEMENTS (KOHA)
Source of classification or shelving scheme Dewey Decimal Classification
Koha item type Books
Suppress in OPAC No
Holdings
Withdrawn status Lost status Source of classification or shelving scheme Damaged status Not for loan Home library Current Library Shelving location Date acquired Total checkouts Full call number Barcode Date last seen Copy number Price effective from Koha item type
    Dewey Decimal Classification     GRACE BIBLE COLLEGE GRACE BIBLE COLLEGE Ministry & Mission 2025-11-26   264.23 BRO 016350 2025-11-26 c.1 2025-11-26 Books
© Grace Bible College Library 2025